000 00645nam a2200181Ia 4500
008 151018s9999 xx 000 0 und d
082 _bRBASDV33573
_a891.463
100 _aमंगेश पाडगांवकर
245 _aनिबोणीच्या झाडामागे
250 _b1
260 _bअनुभव
_c1996
300 _a119
600 _aमंगेश पाडगांवकर
630 _aनिबोणीच्या झाडामागे
700 _aमंगेश पाडगांवकर
730 _aनिबोणीच्या झाडामागे
942 _cBOOK
999 _c1033078
_d1033075